03030nam a2200529Ia 45000010005000000080041000050100009000460410014000550820014000692450137000832600031002203000007002515200006002586300035002646300019002996500022003186900014003407000024003547000037003787000037004159010083004529020006005359030032005419040018005739050025005919060006006169070014006229080014006369090051006509100015007019110010007169120014007269130009007409140029007499150009007789160009007879170009007969180014008059190018008195201604008379210007024419220007024489230006024559240014024619420010024759990015024853128241029s9999 xx 000 0 und d a2937 aEspañol aNO APLICA 0aPerfil del Docente de las Letras Básicas 011,012,013,014 y 015 en el Centro Universitario Regional de Nagua-CURNA. Semestre 2010-2 aMaría Trinidad Sánchez a68 a7 aLenguaje y Lenguas-Enseñanza aPerfil Docente aLengua Española aElaborado easesoraMena, Alma  eautora García Reynoso, Evelyn eautoraEspino Devers, Ana Licia  a{"1":" García Reynoso","2":"Espino Devers"}b{"1":"Evelyn","2":"Ana Licia "} a1 a{"1":"Mena"}b{"1":"Alma "} aMaestría en aEducación Superior a2 aNO APLICA aNO APLICA aUniversidad Autónoma de Santo Domingo (UASD) aNULLbNULL a["1"] aNO APLICA aNULL a01 de Septiembre de 2011 aNULL aNULL aNULL aNO APLICA a["130","156"] aLa presente investigación se concibió con el propósito de describir el perfil de los docentes de Letras Básicas 011, 012, 013, 014 y 015 en el Centro Universitario Regional de Nagua (CURNA), Semestre Académico 2010-2.La metodología empleada es cuantitativa y el tipo de investigación descriptivo. Para la recolección de los datos se aplicó un cuestionario a los docentes, de entre quienes se tomó una muestra de dicha población.A partir de las informaciones obtenidas se concluyó que el mayor porcentaje de los docentes es de sexo masculino y la mayoría de estudiantes es femenino. Los docentes en su mayoría tienen edades entre 31-35 años y 36-40. Los estudiantes tienen edades entre 15-20 años en su mayoría. Todos los docentes son casados y la mayoría de los estudiantes solteros. Todos los docentes viven en zona urbana y la mayoría de los estudiantes viven en zona rural. La mayoría de los docentes tienen maestría y la mayoría de los estudiantes esta en cuarto semestre.El estudio recomendó a la Universidad Autónoma de Santo Domingo (UASD), que se aboque a describir el perfil de los docentes de las Letras Básicas, establecer un perfil para los estudiantes y docentes que ingresan a la carrera de Filosofía y Letras. Fortalecer las capacidades de investigación flexibilización y actualización auspiciando el paradigma de aprendizaje.A los docentes se recomendó orientarse hacia un objetivo, desarrollar su capacidad de aprender, preocuparse por la superación, desarrollar habilidades para planificar y desarrollar la creatividad. a28 a28 a0 aNO APLICA cTesis c2937d2937